<?xml version="1.0" encoding="UTF-8"?>
<collection xmlns="http://www.loc.gov/MARC21/slim">
    <record>
        <controlfield tag="001">9532</controlfield>
        <controlfield tag="005">20170831220424.0</controlfield>
        <datafield tag="037" ind1=" " ind2=" ">
            <subfield code="a">TAZ-TFM-2012-1101</subfield>
        </datafield>
        <datafield tag="041" ind1=" " ind2=" ">
            <subfield code="a">spa</subfield>
        </datafield>
        <datafield tag="100" ind1="1" ind2=" ">
            <subfield code="a">Moreno Cepas, Maria del Carmen</subfield>
        </datafield>
        <datafield tag="245" ind1="0" ind2="0">
            <subfield code="a">Un análisis de los efectos de la diferencia de tipos marginales y del ahorro sobre la composición de la base imponible del IRPF: un análisis para España</subfield>
        </datafield>
        <datafield tag="260" ind1=" " ind2=" ">
            <subfield code="a">Zaragoza</subfield>
            <subfield code="b">Universidad de Zaragoza</subfield>
            <subfield code="c">2012</subfield>
        </datafield>
        <datafield tag="506" ind1=" " ind2=" ">
            <subfield code="a">by-nc-sa</subfield>
            <subfield code="b">Creative Commons</subfield>
            <subfield code="c">3.0</subfield>
            <subfield code="u">http://creativecommons.org/licenses/by-nc-sa/3.0/</subfield>
        </datafield>
        <datafield tag="520" ind1=" " ind2=" ">
            <subfield code="a">Este artículo presenta un análisis de los efectos de la diferencia de tipos generales marginales y tipos del ahorro sobre la estructura de la base imponible total del IRPF. Para este fin se emplea el Panel de Datos de las declaraciones del IRPF en España que elabora la AEAT para el periodo 1999-2008 con el propósito de analizar empíricamente la hipótesis de cómo los individuos ante cambios en la diferencia de tipos de gravamen entre las rentas del trabajo y del capital; y cómo todo ello se traduce en cambios en el peso de cada fuente de renta en la renta total de tales individuos. Tras una introducción, se pasa al estudio de la tributación del capital desde la imposición óptima que justificaría la imposición cero de las rentas del capital y da pie a nuestro estudio de la planificación fiscal en materia de rentas del ahorro. Seguidamente incorporamos un breve análisis de un sencillo modelo de planificación fiscal elaborado por Slemrod para pasar a concretar nuestro estudio empírico sobre la planificación fiscal en el IRPF español. El artículo concluye con la afirmación de nuestra hipótesis de trabajo: los españoles desarrollan actividades de planificación fiscal en el IRPF; conclusión que se alcanza mediante el estudio de la diferencia de tipos entre las rentas generales y las rentas del ahorro para el periodo considerado.</subfield>
        </datafield>
        <datafield tag="521" ind1=" " ind2=" ">
            <subfield code="a">Máster Universitario en Investigación en Economía</subfield>
        </datafield>
        <datafield tag="540" ind1=" " ind2=" ">
            <subfield code="a">Derechos regulados por licencia Creative Commons</subfield>
        </datafield>
        <datafield tag="653" ind1="1" ind2=" ">
            <subfield code="a">planificación</subfield>
        </datafield>
        <datafield tag="653" ind1="1" ind2=" ">
            <subfield code="a">IRPF</subfield>
        </datafield>
        <datafield tag="653" ind1="1" ind2=" ">
            <subfield code="a">España</subfield>
        </datafield>
        <datafield tag="653" ind1="1" ind2=" ">
            <subfield code="a">tipos de ahorro</subfield>
        </datafield>
        <datafield tag="653" ind1="1" ind2=" ">
            <subfield code="a">tipos generales marginales</subfield>
        </datafield>
        <datafield tag="700" ind1=" " ind2=" ">
            <subfield code="a">López Laborda, Julio</subfield>
            <subfield code="e">dir.</subfield>
        </datafield>
        <datafield tag="710" ind1="2" ind2=" ">
            <subfield code="a">Universidad de Zaragoza</subfield>
            <subfield code="b"> </subfield>
            <subfield code="c"></subfield>
        </datafield>
        <datafield tag="856" ind1="0" ind2=" ">
            <subfield code="f">664256@celes.unizar.es</subfield>
        </datafield>
        <datafield tag="856" ind1="4" ind2=" ">
            <subfield code="s">1150002</subfield>
            <subfield code="u">http://zaguan.unizar.es/record/9532/files/TAZ-TFM-2012-1101.pdf</subfield>
            <subfield code="y">Memoria (spa)</subfield>
        </datafield>
        <datafield tag="909" ind1="C" ind2="O">
            <subfield code="o">oai:zaguan.unizar.es:9532</subfield>
            <subfield code="p">trabajos-fin-master</subfield>
            <subfield code="p">driver</subfield>
        </datafield>
        <datafield tag="950" ind1=" " ind2=" ">
            <subfield code="a"></subfield>
        </datafield>
        <datafield tag="980" ind1=" " ind2=" ">
            <subfield code="a">TAZ</subfield>
            <subfield code="b">TFM</subfield>
            <subfield code="c">ECON</subfield>
        </datafield>
    </record>

    
</collection>